Größte zusammenhängende Landmassen - Statistiken

Allgemein
  • Dieses Quiz wurde 50 mal gespielt
  • Das Durchschnittsergebnis liegt bei 14 aus 30
Antwortstatistiken
Fläche in km² Antwort % Korrekt
50.900.000 Eurasien
98%
7.600.000 Australien
96%
29.750.000 Afrika
93%
20.600.000 Nordamerika
93%
17.750.000 Südamerika
93%
2.130.000 Grönland
82%
14.000.000 Antarktis
78%
590.000 Madagaskar
76%
217.000 Großbritannien
64%
105.000 Kuba
64%
103.000 Island
58%
84.000 Irland
56%
127.000 Java
51%
78.000 Hokkaidō
44%
790.000 Neuguinea
42%
74.000 Hispaniola
40%
440.000 Sumatra
40%
740.000 Borneo
38%
228.000 Honshū
38%
114.000 Nordinsel
27%
151.000 Südinsel
27%
175.000 Sulawesi
22%
105.000 Luzon
20%
109.000 Neufundland
18%
510.000 Baffin Island
16%
196.000 Ellesmere Island
13%
95.000 Mindanao
13%
73.000 Sachalin
13%
217.000 Victoria Island
13%
70.000 Banks Island
7%
Keine übereinstimmenden Quizze gefunden
Verteilung der Resultate
Anzahl Personen mit jedem Resultat
Perzentil nach korrekt beantworteten Fragen
Ihre Resultats-Entwicklung
Sie haben dieses Quiz noch nicht gespielt